000
00321nam a2200121Ia 4500
008
220204s9999 xx 000 0 und d
082
_a
338.43.02
_b
AHL
100
_a
AHLAWAT, S R
245
0
_a
Green revolution and agricultural labour
260
_a
Delhi
_b
Deep &Deep Pub
_c
1988
650
_a
Green revolution
942
_c
BK
999
_c
39807
_d
39807